000 01500cam a2200409 a 4500
001 21985
003 VRT
005 20260317092223.0
008 240226s1997 xo ra 000 f slo
015 _aSNBA1997/1002724
020 _a8071183997
035 _aSNK000239683
035 _aurn:nbn:sk:snk-amkgcd
035 _aurn:nbn:sk:snk-am002yef
035 _aA41CCA36-B1C6-40B5-A9E6-3D122689A91D
039 9 _a202402262058
_bVLOAD
_c202205120757
_dVLOAD
_c202112131300
_dcsnk01
_c202107021741
_dAUTHORITY
040 _aSNK
_bslo
_aSNK
_eAACR2
041 1 _aslo
_heng
044 _axo
_cSK
080 _a820 (73)-3
_21981
100 1 _aLindsey, Johana,
_d1952-2017
_4aut
240 1 2 _aA gentle feuding
_lSlovensky
245 1 0 _aNežné nepriateľstvo
_cJohanna Lindseyová ; [z anglického originálu A gentle feuding ... preložila Tatiana Ruppeldtová]
260 _aBratislava
_bIkar
_c1997
300 _a205 s.
_c21 cm
655 7 _aamerické romány
_2SNKPH
655 7 _aľúbostné romány
_2SNKPH
700 1 _aRuppeldtová, Tatiana,
_d1921-2006
_4trl
910 _asnk
911 _aKN 1997/10
_b02724
942 _2ddc
_cKLDO
_n0
949 _9P60, <09>, [BOOK], {629}
_asnkC 1279
_bsnk2386/970528
949 _617A0066261
_9P60, <03>, [BOOK], {603}
_asnkSC 93178
_bsnkKSP 5192/97
_s6100:20140925
949 _617A0066260
_9P60, <05>, [BOOK], {605}
_asnkSC 93178 D1
_bsnkKSP 5193/97
949 _6273K0226615
_asvkpoA 170219
_bsvkpo423576
949 _6270001000034906
_asvkbbA 94308
_p611.538
999 _c21985
_d21985